Municipis del Baix Maestrat - Estadísticas

Estadísticas generales
  • Esta prueba ha sido intentada 338 veces
  • La puntuación promedio es 12 de 18
Respuestas en el mapa
Las respuestas están codificadas por una escala verde-roja en el mapa de la prueba según el % correcto abajo.
 
Estadísticas de respuestas
Resposta % Correcto
Vinaròs
99%
Benicarló
98%
Peníscola
93%
Alcalà de Xivert
87%
Sant Mateu
73%
Santa Magdalena de Polpís
71%
Sant Jordi
70%
Sant Rafel del Maestrat
63%
Càlig
61%
la Jana
60%
Xert
60%
Cervera del Maestrat
58%
Canet lo Roig
57%
Traiguera
57%
Rossell
56%
Castell de Cabres
52%
la Pobla de Benifassà
50%
la Salzadella
46%
No se encontraron pruebas coincidentes
Distribución de puntuación
Porcentaje de gente con cada puntuación
Porcentaje por número respondido
Historial de tus puntuaciones
No has intentado esta prueba.